000 00822nam a2200193Ia 4500
008 0000001994 sp a 0000000000spa00
090 _aPSP00 M33
245 1 0 _aMiguel Angel Campano
_b: E.H
_c/ textos Santiago B. Olmo ... [et al.] ; fotografías Paco Alcántara
300 _a[36] p.
_c/ 26 cm.
500 _aExposición realizada en Galería Tomas March, Valencia, EneroFebrero, 1994 \ Con el patronazgo del maestro venezolano Jesús Rafael Soto (q.e.p.d.)
600 0 0 _aCAMPANO, MIGUEL ANGEL, 1948/
_xTRABAJOS PICTORICOS
650 1 4 _aARTE CONTEMPORANEO ESPAÑOL
650 1 4 _xCATALOGOS
650 1 4 _xEXPOSICIONES
650 1 4 _aPINTORES ESPAÑOLES
650 1 4 _aPINTURA ESPAÑOLA
700 1 _aOlmo, Santiago B. \ Alcántara, Paco
999 _c2064
_d2064
260 _aValencia (España) : Galería Tomás March
_c1994